| 000 | 01979nam0a2200385 i 4500 | ||
|---|---|---|---|
| 001 | RU\NLR\BIBL_A\010405587 | ||
| 005 | 20260405072503.0 | ||
| 010 |
_a9785933561491 _9500 |
||
| 021 |
_aRU _b2014-28121 _91732 |
||
| 035 | _a(NILC)RuMoRGB-006805407 | ||
| 035 | _a(NLR Aleph) 010405587 | ||
| 090 |
_a9727809 _c9727809 |
||
| 100 | _a20140617d2014 u y0rusy50 ca | ||
| 101 | 0 | _arus | |
| 102 | _aRU | ||
| 105 | _aa|||z|||000yy | ||
| 200 | 1 |
_aСукцинатсодержащие диализирующие растворы в практике гемодиализа _fА.В. Смирнов, О.Б. Нестерова, Р.В. Голубев, В.А. Лазеба _gпод ред. проф. А.В. Смирнова |
|
| 210 |
_aСанкт-Петербург _cЛевша. Санкт-Петербург _d2014 |
||
| 215 |
_a119 с. _cил., табл., цв. ил. _d20 |
||
| 300 | _aНа обороте тит. л. авт.: Смирнов А.В.: д.м.н., проф., Нестерова О.Б.: к.м.н., врач-нефролог, Голубев Р.В.: к.м.н., Лазеба В.А.: к.т.н. | ||
| 320 | _aБиблиогр.: с. 92-119 (305 назв.) | ||
| 606 | 1 |
_aЯнтарная кислота _xПрименение при гемодиализе _92219902 _3RU\NLR\AUTH\6601566273 |
|
| 610 | 0 | _aгемодиализ | |
| 610 | 0 | _aдиализирующие растворы | |
| 686 | 1 | _aР358.01 | |
| 701 | 1 |
_8rus _7ca _aСмирнов _bА. В. _cд-р мед. наук, врач-нефролог _gАлексей Владимирович _3RU\NLR\AUTH\7725053 _98102 |
|
| 701 | 1 |
_aНестерова _bО.Б. _gОксана Борисовна |
|
| 701 | 1 |
_aГолубев _bР.В. _gРоман Владимирович |
|
| 701 | 1 |
_aЛазеба _bВ.А. _gВалентина Александровна |
|
| 801 | 0 |
_aRU _bРГБ _c20140418 _gRCR |
|
| 801 | 1 |
_aRU _bРГБ _c20140418 _2rusmarc |
|
| 942 | _cBOOK | ||
| 980 | _aNBR | ||